000 01116nam a22002057a 4500
999 _c1978
_d1978
003 AR-CdUCM
008 190228b ||||| |||| 00| 0 spa d
040 _aMUNICIPALIDAD PROVINCIAL DEL CUSCO
_cBIBLIOTECA MUNICIPAL DEL CUSCO
082 _a330.985 /
_bD64
110 _aDesco
_93190
245 _aLa política económica y la democracia en debate :
_bRespuesta a Ulloa /
260 _aLima :
_bDESCO, Centro de Estudios y Promoción del Desarrollo,
_c1981.
300 _a326 paginas ;
_c20 cm.
505 _aContenido parcial: El primer año del gobierno de Belaunde: sus logros fundamentales y las debilidades de la democracia representativa -- Notas sobre la inflación y la política económica -- La cuestión fiscal -- Sector externo y balanza de pagos -- Plan y política del empleo: promesas y revisiones -- Política agraria: problemas de calidades y no sólo de cantidades -- La política de Ulloa y el movimiento popular.
650 _aCondiciones económicas
_91989
650 _aPolítica económica
_91407
650 _aPolítica y gobierno
_92693
942 _2ddc
_cLIBROS
945 _arum
_d2019-02-28